A turning point in the Indian mutiny (Record no. 553120)

000 -LEADER
fixed length control field 00875cam a2200157K 4500
082 04 - DEWEY DECIMAL CLASSIFICATION NUMBER
Classification number 954.031
Author Mark SIE
-- D
100 1# - MAIN ENTRY--PERSONAL NAME
Personal name Sieveking, Isabel Giberne.
9 (RLIN) 50388
245 12 - TITLE STATEMENT
Title A turning point in the Indian mutiny
Statement of responsibility, etc. by I. Giberne Sieveking ...
260 ## - PUBLICATION, DISTRIBUTION, ETC.
Place of publication, distribution, etc. London,
Name of publisher, distributor, etc. D. Nutt,
Date of publication, distribution, etc. 1910.
300 ## - PHYSICAL DESCRIPTION
Extent 1 online resource (3 p. l., [v]-vii p., 2 l., 226 p.)
Other physical details plates, ports.
Dimensions 22 cm.
505 0# - FORMATTED CONTENTS NOTE
Formatted contents note A turning point in the Indian mutiny.--The siege of Arrah.--The relief that failed.--The relief that succeeded.--Herwald Wake: the man who held the fort at Arrah.--Koer Singh is hunted to his jungle stronghold.--The magistrate of Ghazipur; and how he helped forward the relief of Arrah.--Letters from John Nicholson and others.
526 ## - STUDY PROGRAM INFORMATION NOTE
Program name 0
Interest level 0
Reading level 0
Title point value 954_031000000000000_SIE
650 ## - SUBJECT ADDED ENTRY--TOPICAL TERM
Topical term or geographic name entry element MCE
9 (RLIN) 379
856 40 - ELECTRONIC LOCATION AND ACCESS
Uniform Resource Identifier <a href="http://catalog.hathitrust.org/api/volumes/oclc/13203015.html">http://catalog.hathitrust.org/api/volumes/oclc/13203015.html</a>
942 ## - ADDED ENTRY ELEMENTS (KOHA)
Source of classification or shelving scheme
Koha item type Book
Holdings
Withdrawn status Lost status Source of classification or shelving scheme Damaged status Not for loan Permanent Location Current Location Shelving location Date acquired Total Checkouts Full call number Barcode Date last seen Price effective from Koha item type
          Military College of Engineering (MCE) Military College of Engineering (MCE)   01/29/2015   954.031 SIE MCE-ECT-15 01/29/2015 01/29/2015 Book
© 2023 Central Library, National University of Sciences and Technology. All Rights Reserved.